Представление документа в формате RUSMARC

ПолеНазваниеЗначение
  Тип записи a
  Библиографический уровень m
001 Контрольный номер a13b731efaa3458aa7c0aad0bbad143c
005 Дата корректировки 20191205115102.4
010 Индекс ISBN __
a ISBN 978-5-394-02406-1
101 Язык документа 0_
a Язык текста rus
102 Страна публикации __
a Страна публикации RU
200 Заглавие и сведения об ответственности 1_
a Заглавие Бухгалтерский учет и анализ
b Общее обозначение материала Текст
e Сведения, относящиеся к заглавию учебник для бакалавров
f Первые сведения об ответственности В. В. Чувикова, Т. Б. Иззука
210 Выходные данные 1_
a Место издания Москва
c Издательство Дашков и К
d Дата издания 2018
215 Физическое описание __
a Объем 248 с.
225 Серия 2_
a Серия Учебные издания для бакалавров
330 Аннотация __
a Аннотация Учебник соответствует требованиям Федерального государственного образовательного стандарта. В нем рассматриваются бухгалтерский учет и анализ хозяйственной деятельности экономического субъекта в соответствии с новым Законом РФ "О бухгалтерском учете". Особое внимание уделено вопросам применения системного и комплексного подходов в анализе хозяйственной деятельности. Для студентов бакалавриата, обучающихся по направлению подготовки "Экономика". Гриф.
610 Ключевые слова 0_
a Ключевые слова бухгалтерский учет и анализ
a Ключевые слова экономика
a Ключевые слова учебник
a Ключевые слова бакалавриат
a Ключевые слова высшее образование
a Ключевые слова гриф
686 Индексы других классификаций __
a Классификационный индекс 65.052
700 Автор _1
a Фамилия Чувикова
b Имя В. В.
g Полное личное имя Вера Васильевна
701 Альтернативная интеллектуальная ответственность _1
a Фамилия Иззука
b Имя Т. Б.
g Полное личное имя Татьяна Борисовна
e Роль лиц Автор
4 Код отношения 070
801 Источник записи _0
a Страна RU
b Организация РУК
g Правила каталогизации PSBO
801 Источник записи _1
a Страна RU
b Организация РУК
c Дата составления 20191204
g Правила каталогизации PSBO
852 Данные о местонахождении __
i Авторский знак Ч-82
j Шифр хранения 65.052
901 Тип документа __
t Тип документа m
912 Принадлежность преподавателя к РУК __
a Принадлежность преподавателя к РУК преподаватель Головного вуза
937 Технологическая информация __
a Создатель записи (имя) Мясникова
938 Служебная информация __
a Название организации Головной вуз
952 Тип литературы __
b Гриф литературы для ВШ гриф
c Вид литературы учебник